000
00304nam a22001457a 4500
020
_a
81-7130-319-9
082
_a
894.812.3
_b
MUK/A
100
_a
MUKUNDAN M
245
_a
AKASATHINU CHUVATTIL
260
_a
KOTTAYAM
_b
DC BOOKS
_c
2017
300
_a
109
520
_a
NOVEL
650
_a
NOVEL
942
_c
BK
999
_c
5002
_d
5002